| 000 | 01262aas a2200229 4500 | ||
|---|---|---|---|
| 999 |
_c53780 _d53780 |
||
| 001 | 768714001 | ||
| 003 | CO-MdFUSB | ||
| 005 | 20171114110816.0 | ||
| 008 | 170804s1997 xxu||||| |||| 00| 0 eng d | ||
| 022 | _a0098-9444 | ||
| 040 |
_aCO-MdFUSB _bspa _cCO-MdFUSB _dCO-MdFUSB |
||
| 041 | _aspa | ||
| 100 | 1 |
_aPixner, Bargil _eautor |
|
| 242 | 1 | 3 |
_aLa entrada de esenio de Jerusalén : _bDonde la comunidad vivió en el tiempo de Jesús |
| 245 | 1 | 0 |
_aJerusalem's essene gateway : _bWhere the community lived in Jesus' time _c/ Bargil Pixner |
| 300 |
_aVolumen 23. Número 3 (1997), páginas 23-31 _c: 28 cm. |
||
| 520 | 1 | _aA los esenios, una oscura secta judía que enfatizaba la pureza, a menudo se les atribuye haber dejado atrás la biblioteca de Pergaminos Muertos hallada en las cuevas cercanas a Qumran. Pero la teoría dice que Qumran fue simplemente su retiro en el desierto. Otros Esenios vivieron en Jerusalén. ¿pero donde? Las excavadoras en el Monte Sion afirman haber descubierto el vecindario aislado que los esenios llamaban su hogar. | |
| 546 | _aTexto en inglés | ||
| 650 | 7 |
_9403 _aExcavaciones arqueológicas |
|
| 773 | 0 |
_tBiblical Archaeology Review _049395 _959490 _gVolumen 23. Número 3 (1997), páginas 23-31 _qPágina 23 |
|
| 942 | _cANA | ||